000
00373nam a2200169Ia 4500
005
20250423095140.0
008
250422s9999 xx 000 0 und d
020
_a
81-259-1070-0
050
_a
TK 2000 .K86/
100
_a
Kumar, K. Murugesh
245
0
_a
Electric machines
260
_a
New Delhi
260
_b
Vikas
260
_c
2008
650
_a
EE
942
_c
BK
999
_c
29387
_d
29387